Imperialismo y petróleo: una evocación de la leyenda de Transilvania

Uloženo v:
Podrobná bibliografie
Hlavní autor: Palacios Solano, Isaac
Médium: Text
Tagy: Přidat tag
Žádné tagy, Buďte první, kdo vytvoří štítek k tomuto záznamu!

MARC

LEADER 00000 a a2200000 04500
001 45758
003
040 |a CRAI/IIS  |c CRAI/IIS 
100 |a Palacios Solano, Isaac  
245 |a Imperialismo y petróleo:  |b una evocación de la leyenda de Transilvania  
773 |g número13 (1985), páginas 6-9  
999 |c 18444  |d 18444